Las 10 provincias más pobladas de España - Estadísticas

Estadísticas generales
  • Esta prueba ha sido intentada 2.326 veces
  • La puntuación promedio es 8 de 10
Estadísticas de respuestas
Población Provincia % Correcto
7.113.886 Madrid
100%
5.959.941 Barcelona
99%
1.977.664 Sevilla
98%
2.763.996 Valencia
98%
1.791.183 Málaga
89%
2.033.566 Alicante
78%
1.586.989 Murcia
71%
1.261.420 Cádiz
69%
1.249.844 Islas Baleares
57%
1.171.547 Las Palmas
44%
No se encontraron pruebas coincidentes
Distribución de puntuación
Porcentaje de gente con cada puntuación
Porcentaje por número respondido
Historial de tus puntuaciones
No has intentado esta prueba.